The external reporting needs of investors in Islamic banks in Saudi Arabia : an exploratory study of full disclosure /
Saved in:
| Main Author: | |
|---|---|
| Format: | Thesis |
| Language: | English |
| Published: |
Dundee, Scotland :
University of Dundee,
2004
|
| Subjects: | |
| Tags: |
Add Tag
No Tags, Be the first to tag this record!
|
| LEADER | 013470000a22003010004500 | ||
|---|---|---|---|
| 008 | 120328t2004 xxka f m 000 0 eng d | ||
| 040 | |a UIAM |b eng | ||
| 043 | |a e-uk--- | ||
| 050 | 0 | 0 | |a HF5681.B2 |
| 100 | 1 | |a Mehmadi, Faisal Bin Sulaim |9 112496 | |
| 245 | 1 | 4 | |a The external reporting needs of investors in Islamic banks in Saudi Arabia : |b an exploratory study of full disclosure / |c by Faisal Bin Sulaim Bin Sulaiman Al-Mehmadi |
| 260 | |a Dundee, Scotland : |b University of Dundee, |c 2004 | ||
| 300 | |a xvi, 350 p. : |b ill. ; |c 30 cm. | ||
| 336 | |2 rdacontent | ||
| 337 | |2 rdamedia | ||
| 338 | |2 rdacarrier | ||
| 500 | |a "A thesis presented in fulfilment of the requirements for the award of the Doctor of Philosophy degree in Accounting." -- On t. p. | ||
| 502 | |a Thesis (Ph. D.) -- University of Dundee, 2004 | ||
| 504 | |a Includes bibliographical references (p. 273-287). | ||
| 650 | 0 | |a Financial statements |9 112497 | |
| 650 | 0 | |a Auditing |z Saudi Arabia |9 47107 | |
| 650 | 0 | |a Banks and banking |z Saudi Arabia |9 2310 | |
| 650 | 0 | |a Banks and banking, Islamic | |
| 655 | 0 | 7 | |a Theses, Facsimile edition (Islamic) |9 112498 |
| 900 | |a hj-ls | ||
| 942 | |2 lcc |n 0 | ||
| 999 | |c 434211 |d 465999 | ||
| 952 | |0 0 |6 TI HF 005681 B2 M498E 2004 |7 0 |8 THESES |9 757281 |a IIUM |b IIUM |c MULTIMEDIA |g 640.00 |o ti HF 5681 B2 M498E 2004 |p 00011202320 |r 2017-10-23 |t 1 |v 640.00 |y THESIS | ||
